| 000 | 00688 a2200181 4500 | ||
|---|---|---|---|
| 005 | 20240704124052.0 | ||
| 010 | _aB-759604-613 | ||
| 020 |
_a9789395453097 _c499.00 |
||
| 035 | _aB-759604-613 | ||
| 037 | _bSunnvik books | ||
| 082 | _a000 | ||
| 245 | _aMy First Words / | ||
| 260 |
_aMumbai _bShree Book Center _c2023 |
||
| 270 |
_a8, Kakad Industrial Estate, S. Keer Marg, Off L.J. Road Matunga (West) _bMumbai _e400016 |
||
| 300 |
_a140 p. _c22 cm(Hb) |
||
| 942 |
_adpl _cCH _2ddc _h000 _mMYF |
||
| 999 |
_c203553 _d203553 |
||